<?xml version="1.0" encoding="UTF-8"?>
<record
    xmlns:xsi="http://www.w3.org/2001/XMLSchema-instance"
    xsi:schemaLocation="http://www.loc.gov/MARC21/slim http://www.loc.gov/standards/marcxml/schema/MARC21slim.xsd"
    xmlns="http://www.loc.gov/MARC21/slim">

  <leader>00647cam a2200193 a 4500</leader>
  <controlfield tag="001">e  12001404 </controlfield>
  <controlfield tag="003">DLC</controlfield>
  <controlfield tag="005">20260227111158.0</controlfield>
  <controlfield tag="008">990602s1885    fr            000 0 fre c</controlfield>
  <datafield tag="010" ind1=" " ind2=" ">
    <subfield code="a">e  12001404 </subfield>
  </datafield>
  <datafield tag="040" ind1=" " ind2=" ">
    <subfield code="a">U.S. Bur of Ed. Lib.</subfield>
    <subfield code="c">NIE</subfield>
    <subfield code="d">DLC</subfield>
  </datafield>
  <datafield tag="050" ind1="0" ind2="0">
    <subfield code="a">LB1025</subfield>
    <subfield code="b">.B69 1885</subfield>
  </datafield>
  <datafield tag="100" ind1="1" ind2=" ">
    <subfield code="a">Braun, Thomas,</subfield>
    <subfield code="d">1814-</subfield>
  </datafield>
  <datafield tag="245" ind1="1" ind2="0">
    <subfield code="a">Cours complet de p&#xE9;dagogie et de m&#xE9;thodologie :</subfield>
    <subfield code="b">r&#xE9;dig&#xE9; conform&#xE9;ment au programme d'&#xE9;tudes officiel des &#xE9;coles et sections normales primaires /</subfield>
    <subfield code="c">par Th. Braun.</subfield>
  </datafield>
  <datafield tag="260" ind1=" " ind2=" ">
    <subfield code="a">Paris :</subfield>
    <subfield code="b">A. Ract,</subfield>
    <subfield code="c">1885.</subfield>
  </datafield>
  <datafield tag="300" ind1=" " ind2=" ">
    <subfield code="a">1, vi, [8]-954 p. ;</subfield>
    <subfield code="c">23 cm.</subfield>
  </datafield>
  <datafield tag="650" ind1=" " ind2="0">
    <subfield code="a">Teaching.</subfield>
  </datafield>
  <datafield tag="650" ind1=" " ind2="0">
    <subfield code="a">Education.</subfield>
  </datafield>
  <datafield tag="999" ind1=" " ind2=" ">
    <subfield code="c">19403</subfield>
    <subfield code="d">19403</subfield>
  </datafield>
</record>
